00992nam a2200241 a 450000100100000000500170001000800410002704000250006808200170009310000340011024501020014426000550024630000250030150000370032650000530036350000440041650001100046050400740057070000440064470000360068804900090072499900170073300002512920200930023558.0110210s1951 sp r 001 0 spa d aDO-SdBNPbspacBNPHU axxxxxbS511e1 aSevilla, San Isidro de95151310aEtimologías /ctraducción Luis Cortés y Góngora , introducción Santiago montero Díaz. aMadrid :bBiblioteca de Autores Cristianos,c1951. axx, 563 p. ;c20 cm. aIncluye índice de tecnicismos. aIncluye índice de nombres propios de personas. aIncluye índice de nombres de lugares. aIncluye índice de nombres propios y de lugar en la introducción, notas, bibliografía y comentarios. aIncluye referencias bibliográficas y notas al pie de las páginas.1 aCortés y Góngora, Luis,etr.9515141 aMontero Díaz, Santiago951515 aBNGR c24622d24622